Use of the library (Record no. 3677)

MARC details
000 -LEADER
fixed length control field 00429nam a22001457a 4500
008 - FIXED-LENGTH DATA ELEMENTS--GENERAL INFORMATION
fixed length control field 250525b |||||||| |||| 00| 0 eng d
020 ## - INTERNATIONAL STANDARD BOOK NUMBER
ISBN 9781914332018
100 ## - MAIN ENTRY--AUTHOR
Author Kalu, Amogu Uma
245 ## - TITLE STATEMENT
Title Use of the library
Remainder of title A practical guide book for student of tertiary institution
260 ## - PUBLICATION, DISTRIBUTION, ETC. (IMPRINT)
Place of publication Abia
Name of publisher Justman publisher int'l.
Date of publication 2018
300 ## - COLLATION
Pagination xvii 254p.
Other physical details ill
650 ## - TRACINGS
Main Subject Use of the library
942 ## - ADDED ENTRY ELEMENTS (KOHA)
Item type Books
050 ## - LIBRARY OF CONGRESS CALL NUMBER
Classification number Z675
Item number .U84
Holdings
Source of classification or shelving scheme Not for loan Permanent location Current location Date acquired Accession No. Full call number Barcode. Koha item type
Library of Congress Classification   Samuel Ogbemudia Main Library, University of Abuja Samuel Ogbemudia Main Library, University of Abuja 05/25/2025 2023/61242 Z675.U84 2025-2194 Books